| 000 | 00329nam a2200109Ia 4500 | ||
|---|---|---|---|
| 082 |
_a63(035)COM _bUSD |
||
| 245 | 0 | _aAgricultural markets in change. Agricultural handbook No.361 | |
| 260 |
_aUS _bDept of Agriculture |
||
| 300 | _a396p. | ||
| 500 | _aIncluded in the weeded out list. But the book traced from the shelf | ||
| 942 | _cBK | ||
| 999 |
_c21903 _d21903 |
||